Statistiques concernant Intercommunalités de la Haute-Savoie

Cliquez ici pour prendre le quiz!

Statistiques générales

  • Ce quiz a été pris 18 fois
  • Le résultat moyen est 10 sur 21

Statistiques - réponses

Nombres de CommunesIntercommunalités% Correct
34Grand Annecy
100%
25Thonon Agglomération
100%
12Annemasse - Les Voirons Agglomération
94%
04Communauté de communes de la Vallée de Chamonix-Mont-Blanc
88%
22Communauté de communes Pays d'Évian Vallée d'Abondance
88%
07Communauté de communes Faucigny-Glières
81%
10Communauté de communes Cluses-Arve et Montagnes
63%
17Communauté de communes du Genevois
63%
17Communauté de communes Rumilly Terre de Savoie
50%
12Communauté de communes des Vallées de Thônes
44%
10Communauté de communes Pays du Mont-Blanc
44%
07Communauté de communes des Sources du Lac d'Annecy
38%
09Communauté de communes du Pays Rochois
38%
26 (dont 03 dans l'Ain)Communauté de communes Usses et Rhône
38%
08Communauté de communes de la Vallée Verte
25%
15Communauté de communes du Haut-Chablais
25%
13Communauté de communes du Pays de Cruseilles
19%
08Communauté de communes Arve et Salève
13%
08Communauté de communes des Montagnes du Giffre
13%
07Communauté de communes Fier et Usses
13%
11Communauté de communes des Quatre Rivières
6%

Distribution des résultats

Percentile par nombre de réponses

% des personnes avec chaque résultat

Votre développement - résultats

Vous n’avez pas pris ce quiz